000 00218 a2200097 4500
001 5936
100 _aAyres,F
245 _aTheory and problems of differential equations
260 _a
_bSchanm
_c
090 _c4844
_d4844
942 _aNUST-CAE
_cM
_c31205
999 _c241009
_d241009